[Event "Madrid San Viator op-B 29th"]
[Site "Madrid"]
[Date "2017.11.01"]
[Round "7"]
[White "Navarro Gonzalez, Jaime"]
[Black "San Felipe Gonzalez, Tomas"]
[Result "1/2-1/2"]
[WhiteElo "1748"]
[BlackElo "1689"]
[PlyCount "60"]
[EventDate "2017.09.17"]
[EventType "swiss"]
[EventRounds "9"]
[EventCountry "ESP"]
[SourceTitle "EXT 2019"]
[Source "ChessBase"]
[SourceDate "2018.10.10"]
[SourceVersion "1"]
[SourceVersionDate "2018.10.10"]
[SourceQuality "1"]

1. e4 c5 2. Nf3 Nc6 3. d4 cxd4 4. Nxd4 g6 5. Nc3 Bg7 6. Be3 Nf6 7. f3 d5 8. Qe2 a6 9. 0-0-0 e6 10. exd5 Nxd5 11. Nxd5 Qxd5 12. Nxc6 Qxc6 13. Qd2 0-0 14. Bh6 Bxh6 15. Qxh6 e5 16. h4 Bf5 17. Bd3 e4 18. fxe4 Bxe4 19. Bxe4 Qxe4 20. h5 Rac8 21. c3 Rfe8 22. hxg6 Qxg6 23. Qxg6+ hxg6 24. Rd7 b5 25. Rf1 Re2 26. Rfxf7 Rxg2 27. Rg7+ Kh8 28. Rh7+ Kg8 29. Rdg7+ Kf8 30. Ra7 Kg8 1/2-1/2

[Event "Madrid San Viator op-B 25th"]
[Site "Madrid"]
[Date "2015.10.18"]
[Round "4"]
[White "Navarro Gonzalez, Jaime"]
[Black "Castro Uceda, Jose Antonio"]
[Result "1-0"]
[WhiteElo "1733"]
[BlackElo "1582"]
[PlyCount "63"]
[EventDate "2015.10.04"]
[EventType "swiss"]
[EventRounds "9"]
[EventCountry "ESP"]
[SourceTitle "EXT 2019"]
[Source "ChessBase"]
[SourceDate "2018.10.10"]
[SourceVersion "1"]
[SourceVersionDate "2018.10.10"]
[SourceQuality "1"]

1. b3 d5 2. Bb2 e6 3. e3 Nf6 4. f4 a6 5. g4 Nc6 6. g5 Ne4 7. Nc3 Nxc3 8. Bxc3 h6 9. Nf3 hxg5 10. fxg5 f6 11. Bd3 f5 12. Qe2 Bd7 13. 0-0-0 Qe7 14. Ne5 Nxe5 15. Bxe5 Qxg5 16. Bxc7 Rc8 17. Be5 Rg8 18. Rdg1 Qh6 19. h4 Be7 20. h5 Bg5 21. Rg3 f4 22. exf4 Bxf4 23. Rg6 Bxd2+ 24. Qxd2 Qxd2+ 25. Kxd2 Ke7 26. Bxg7 b5 27. h6 Be8 28. Rg3 Bf7 29. h7 Rh8 30. Bxh8 Rxh8 31. Rf1 Rf8 32. Rg7 1-0

[Event "Madrid San Viator op 19th"]
[Site "Madrid"]
[Date "2012.11.11"]
[Round "8"]
[White "Navarro Gonzalez, Jaime"]
[Black "Pindado Campos, Raul"]
[Result "1/2-1/2"]
[WhiteElo "1769"]
[BlackElo "1928"]
[PlyCount "96"]
[EventDate "2012.09.23"]
[EventType "swiss"]
[EventRounds "9"]
[EventCountry "ESP"]
[SourceTitle "EXT 2013"]
[Source "ChessBase"]
[SourceDate "2012.11.22"]
[SourceVersion "1"]
[SourceVersionDate "2012.11.22"]
[SourceQuality "1"]

1. e4 c5 2. Nf3 e6 3. d4 cxd4 4. Nxd4 a6 5. Nc3 Qc7 6. Be3 Nf6 7. a3 Nc6 8. f3 Be7 9. Qd2 0-0 10. 0-0-0 b5 11. Nxc6 dxc6 12. g4 Rd8 13. Bd3 a5 14. Nb1 b4 15. a4 c5 16. Qf2 Rb8 17. Bc4 Bd7 18. b3 Be8 19. g5 Nd7 20. Nd2 Nb6 21. Qg3 Qa7 22. h4 Nxc4 23. Nxc4 Qa6 24. Qc7 Rb7 25. Qxa5 Ra8 26. Qxa6 Rxa6 27. Bf4 Bxa4 28. bxa4 Rxa4 29. Bd6 Bxd6 30. Nxd6 Rb8 31. Kb2 b3 32. cxb3 Rab4 33. Rd3 c4 34. Rc3 Rxb3+ 35. Rxb3 Rxb3+ 36. Kc2 Rxf3 37. Nxc4 f6 38. gxf6 gxf6 39. Nd2 Re3 40. h5 Kg7 41. Rh4 f5 42. exf5 exf5 43. Nf1 Rf3 44. Nd2 Re3 45. Kd1 Kh6 46. Nf1 Re4 47. Rh2 f4 48. Kd2 Re5 1/2-1/2

[Event "Madrid San Viator op 17th"]
[Site "Madrid"]
[Date "2011.11.06"]
[Round "8"]
[White "Martin Garcia, Francisco Javier"]
[Black "Navarro Gonzalez, Jaime"]
[Result "0-1"]
[WhiteElo "1595"]
[BlackElo "1800"]
[PlyCount "38"]
[EventDate "2011.09.25"]
[EventType "swiss"]
[EventRounds "9"]
[EventCountry "ESP"]
[SourceTitle "EXT 2012"]
[Source "ChessBase"]
[SourceDate "2011.11.24"]
[SourceVersion "1"]
[SourceVersionDate "2011.11.24"]
[SourceQuality "1"]

1. d4 Nf6 2. c4 c5 3. d5 b5 4. cxb5 a6 5. bxa6 Bxa6 6. Nc3 g6 7. e4 Bxf1 8. Kxf1 d6 9. g3 Bg7 10. Kg2 0-0 11. Nf3 Nbd7 12. h3 Qb6 13. Re1 Ne8 14. Qc2 Nc7 15. b3 Nb5 16. Bb2 Nd4 17. Nxd4 cxd4 18. Na4 Qb4 19. Ba3 Qxa3 0-1

[Event "Madrid San Viator op 17th"]
[Site "Madrid"]
[Date "2011.10.01"]
[Round "2"]
[White "Navarro Gonzalez, Jaime"]
[Black "Cano Cabanillas, Javier"]
[Result "0-1"]
[WhiteElo "1800"]
[BlackElo "1948"]
[PlyCount "94"]
[EventDate "2011.09.25"]
[EventType "swiss"]
[EventRounds "9"]
[EventCountry "ESP"]
[SourceTitle "EXT 2012"]
[Source "ChessBase"]
[SourceDate "2011.11.24"]
[SourceVersion "1"]
[SourceVersionDate "2011.11.24"]
[SourceQuality "1"]

1. e4 e6 2. d4 d5 3. Nd2 Nf6 4. e5 Nfd7 5. Bd3 c5 6. c3 Nc6 7. Ne2 cxd4 8. cxd4 f6 9. exf6 Nxf6 10. 0-0 Bd6 11. Nf3 0-0 12. Bf4 Bxf4 13. Nxf4 Ne4 14. Ne2 Rxf3 15. gxf3 Ng5 16. Kh1 Nxf3 17. Ng1 Nfxd4 18. Qh5 g6 19. Bxg6 hxg6 20. Qxg6+ Kf8 21. Qh6+ Ke7 22. Qg7+ Kd6 23. Qg3+ Kd7 24. Nh3 Qf6 25. f4 Nf5 26. Qd3 Qd4 27. Qe2 Qe4+ 28. Qxe4 dxe4 29. Rfe1 e3 30. Ng5 b6 31. Rad1+ Ke7 32. Kg1 Ba6 33. Ne4 Rg8+ 34. Ng5 Ncd4 35. Rxd4 Nxd4 36. Rxe3 Ne2+ 37. Kf2 Nxf4 38. h4 Bc4 39. b3 Bd5 40. Kg3 Nh5+ 41. Kg4 Nf6+ 42. Kf4 Rh8 43. Kg3 Rc8 44. Nh3 Ne4+ 45. Kg4 Rg8+ 46. Ng5 Kd6 47. Kh5 Nf6+ 0-1